Высочайшие постановления за 1884 г.

RUSMARC
00005152cbm0a2200337 i 450
00195a2cfcebe77457991617261f3db6ba6
00520140325173549.0
100##$a20101012l18841884 с0189
1010#$arus
102##$aRU
2001#$aВысочайшие постановления за 1884 г.
$bДело
210##$d1884
215##$aVII, 42 л.
2251#$aФонд-коллекция Высочайшие постановления
$hОпись № 1
300##$aЧасть документов опубликована в официальных изданиях. См.: Собрание узаконений и распоряжений правительства, издаваемое при Правительствующем Сенате. СПб., 1884-1885; Полное собрание законов Российской Империи. Собрание третье. Т. 4: 1884. СПб., 1887
309##$aРукописный текст. Чернила
311##$aПеречень высочайших постановлений за 1884 г. см.: Журнал по высочайшим постановлениям за 1884 г.
320##$aПеречень высочайших указов и постановлений за 1884 г. см.: Л. I-VII
600#|$2nlr_sh
$3RU\NLR\AUTH\6620203
$aАлександр
$dIII
$cимператор российский
$f1845 - 1894
$jДокументы и материалы
605##$2acquisition_Prlib
$3DITM\AF\0000002775
$aВласть
$lколлекция
6061#$2prlib_sh
$3LIBNET\UAF\0000039337
$aЗаконодательство
$yРоссия
$z1881-1894
$jДокументы и материалы
608##$2prlib_sh
$3DITM\AF\0000002660
$aВысочайшие повеления
608##$2prlib_sh
$3DITM\AF\0000002766
$aВысочайшие указы
686##$a67.3(2)52ю11
$vLBC/M
$2rubbk
686##$a63.3(2)522-33ю11
$vLBC/M
$2rubbk
71001$3RU\NLR\AUTH\8810042748
$aРоссия
$bИмператор
$c1881-1894; Александр III
71201$3RU\NLR\AUTH\889957980
$aРоссия
$bЗаконы и постановления
801#0$aRu
$bПБ им. Б.Н. Ельцина
801#1$aRu
$bПБ им. Б.Н. Ельцина
$c20140307
$2rusmarc
850##$aФГУ Российский Государственный Исторический Архив
852##$aРГИА.
$bФ. 1161.
$gОп. 1.
$jД. 132.
937##$d11808447
$hРГИА
105##$ay###z###000zy
1220#$ad1884######
60101$aРоссия
$bГосударственный совет
$jДокументы и материалы
$xДеятельность
$z1881 - 1894
$2prlib_sh
$3LIBNET\UAF\0000039359
801#2$aRU
$bПБ им. Б.Н. Ельцина
$c20140325
$gRCR
$2rusmarc
Формат отображения